Jurisdição no estado do bem-estar e do desenvolvimento / (Record no. 1339)

MARC details
000 -LÍDER
Campo Fixo de Controle 00864nam a2200277 a 4500
001 - NÚMERO DE CONTROLE
Campo de Controle 1339
003 - IDENTIFICAÇÃO DO NÚMERO DE CONTROLE
Campo de Controle BR-CuiBMT
005 - DATA E HORA DA ÚLTIMA ATUALIZAÇÃO
Campo de Controle 20231205193543.0
008 - DADOS FIXOS
Dados Fixos 231205s2009 rjb 000 0 por d
020 ## - INTERNATIONAL STANDARD BOOK NUMBER
Nº do ISBN 9788589883054
040 ## - AGÊNCIA CATALOGADORA
Código da Agência Catalogadora BR-CuiBMT
Agência que transcreveu o registro BR-CuiBMT
080 ## - Nº DA CLASSIFICAÇÃO DECIMAL UNIVERSAL
Nº edição CDU 2007
Nº Class. CDU 342.9
090 ## - NÚMERO DE CHAMADA
Nº classificação 342.9
Cutter C331j
100 1# - ENTRADA PRINCIPAL -- AUTOR PESSOAL
Nome pessoal Carvalho, Morgana Bellazzi de Oliveira
245 ## - TÍTULO PRINCIPAL
Título principal Jurisdição no estado do bem-estar e do desenvolvimento /
Indicação de responsabilidade Morgana Bellazzi de Oliveira Carvalho.
260 ## - PUBLICAÇÃO, DISTRIBUIÇÃO, ETC.
Local de publicação Rio de Janeiro :
Editora Padma,
Data 2009.
300 ## - DESCRIÇÃO FÍSICA
N. páginas ou volumes 234 p.:
Dimensões 21 cm
490 ## - INDICAÇÃO DE SÉRIE
Título da série Selo Aliomar Baleeiro ;
Volume/designação sequencial da série v.8
504 ## - NOTA DE BIBLIOGRAFIA, ETC.
Nota de bibliografia Inclui bibliografia.
650 ## - ASSUNTO TÓPICO
Cabeçalho tópico ou nome geográfico Jurisdição
Subdivisão geográfica Brasil
650 ## - ASSUNTO TÓPICO
Cabeçalho tópico ou nome geográfico Tutela jurisdiciona
Subdivisão geográfica Brasil
650 ## - ASSUNTO TÓPICO
Cabeçalho tópico ou nome geográfico Direito e desenvolvimento econômico
650 ## - ASSUNTO TÓPICO
Cabeçalho tópico ou nome geográfico Política pública
830 ## - ENTRADA SECUNDÁRIA DE SÉRIE -- TÍTULO UNIFORME
Título uniforme Selo Aliomar Baleeiro
Nº do volume/designação sequencial da série 8
942 ## - ELEMENTOS DE ENTRADA ADICIONAIS (KOHA)
Fonte de classificação ou esquema de arquivamento Classificação Decimal Universal
Tipo de item do Koha Livros
Holdings
Estado: removido Estado: perdido Fonte de classificação ou esquema de arquivamento Estado: danificado Indisponível para empréstimo Localização permanente Localização atual Data de aquisição Total Checkouts Número de Chamada completo Código de barras Date last seen Número do exemplar Preço efetivo a partir de Tipo de item (Koha)
    Classificação Decimal Universal     Biblioteca da Escola Superior de Contas do TCE/MT Biblioteca da Escola Superior de Contas do TCE/MT 05/12/2023   342.9 C331j BIBTCEMT23120221 05/12/2023 Ex. 1 05/12/2023 Livros

Powered by Koha